Britannica book of the year 1967
Saved in:
| Format: | Book |
|---|---|
| Language: | Undetermined |
| Published: |
Chicago
Encyclpedia Britannica
1967
|
| Subjects: | |
| Tags: |
Add Tag
No Tags, Be the first to tag this record!
|
| Institutions: | Trung tâm Học liệu Trường Đại học Cần Thơ |
|---|
| LEADER | 00454nam a2200157Ia 4500 | ||
|---|---|---|---|
| 001 | CTU_26745 | ||
| 008 | 210402s9999 xx 000 0 und d | ||
| 082 | |a 902.02 | ||
| 082 | |b B862/1967 | ||
| 245 | 0 | |a Britannica book of the year 1967 | |
| 260 | |a Chicago | ||
| 260 | |b Encyclpedia Britannica | ||
| 260 | |c 1967 | ||
| 650 | |a britannica - history,history - periodicals | ||
| 904 | |i Minh, 981020 | ||
| 980 | |a Trung tâm Học liệu Trường Đại học Cần Thơ | ||